000 00630mc a2200205a 44500
001 NM030058
003 RG CODE MARC
008 65020s2015 ||||||||||||||000 | spa||
005 20251028183340.0
020 _a978-950-525-427-9
040 _aORG CODE MARC
100 _aRodríguez Mancini, H. Santiago
_940910
245 _aPastoral educativa
_bDios es la vida de la escuela
_cH. Santiago Rodríguez Mancini
250 _a1ª ed.
260 _aBuenos Aires
_bGrupo Edit. Parmenia
300 _a126 p.
_b18 cm.
490 _aColección Cruz del Sur .Segunda serie
500 _aDonación de Pablo Vernola, 2025
942 _cBK
999 _c29365
_d29365